| 000 | 00976nam a2200277Ia 4500 | ||
|---|---|---|---|
| 003 | OSt | ||
| 005 | 20220918171517.0 | ||
| 006 | a|||||r|||| 00| 0 | ||
| 007 | ta | ||
| 008 | 220917b |||||||| |||| 00| 0 eng d | ||
| 020 |
_a9781845457587 (hbk) _c7618.5 |
||
| 024 | _a286,894 | ||
| 037 |
_b106949, 01/12/2015, International Book Distributors _cTextual |
||
| 040 |
_aARTS _cARTS _beng |
||
| 041 |
_2eng _aeng |
||
| 082 | _aL.498, Q1 | ||
| 100 |
_aAdams Vincanne Ed. _936993 |
||
| 245 | 0 |
_aMedicine between science and religion _b Explorations on tibetan grounds |
|
| 260 |
_aNew York _bBerghahn Book USA _c2011 |
||
| 490 | _aEpistemologies of healing; Vol. 1-10 | ||
| 650 |
_aMEDICINE _94387 |
||
| 700 |
_a Craig Sienna R. Ed. _936994 |
||
| 700 |
_a Schrempf Mona Ed. _936995 |
||
| 942 |
_hL.498, Q1 _cTEXL _2CC |
||
| 999 |
_c139888 _d139888 |
||